000
00335 a2200157 4500
001
64210
020
_a
9788508134847
040
_c
Anchieta - Pituba
100
_a
Bandeira, Pedro
240
1
0
_a
O grande desafio
_l
por
245
1
0
_a
O grande desafio
300
_a
160
362
0
_a
2010
650
4
_a
Literatura juvenil
942
_c
BK
999
_c
64210
_d
64210